|
|
|
|
| LEADER |
00000cam a22000004a 4500 |
| 001 |
musev2_56261 |
| 003 |
MdBmJHUP |
| 005 |
20230905045756.0 |
| 006 |
m o d |
| 007 |
cr||||||||nn|n |
| 008 |
160914t20171992nju o 00 0 eng d |
| 020 |
|
|
|a 9781400885107
|
| 020 |
|
|
|z 9780691174143
|
| 035 |
|
|
|a (OCoLC)978904764
|
| 040 |
|
|
|a MdBmJHUP
|c MdBmJHUP
|
| 100 |
1 |
|
|a McNeill, William Hardy,
|d 1917-2016,
|e author.
|
| 245 |
1 |
4 |
|a The Global Condition :
|b Conquerors, Catastrophes, and Community /
|c William H. McNeill ; with a new foreword by J.R. McNeill.
|
| 264 |
|
1 |
|a Princeton :
|b Princeton University Press,
|c [2017]
|
| 264 |
|
3 |
|a Baltimore, Md. :
|b Project MUSE,
|c 2017
|
| 264 |
|
4 |
|c ©[2017]
|
| 300 |
|
|
|a 1 online resource (200 pages).
|
| 336 |
|
|
|a text
|b txt
|2 rdacontent
|
| 337 |
|
|
|a computer
|b c
|2 rdamedia
|
| 338 |
|
|
|a online resource
|b cr
|2 rdacarrier
|
| 505 |
0 |
|
|a Cover; Title; Copyright; Table of Contents; Foreword; Preface; PART I The Great Frontier: FREEDOM AND HIERARCHY IN MODERN TIMES; Acknowledgments; Lecture I: To 1750; Lecture II: From 1750; PART II The Human Condition: AN ECOLOGICAL AND HISTORICAL VIEW; Acknowledgments; Microparasitism, Macroparasitism, and the Urban Transmutation; Microparasitism, Macroparasitism, and the Commercial Transmutation; PART III Control and Catastrophe in Human Affairs; Notes; Index.
|
| 520 |
|
|
|a William H. McNeill is known for his ability to portray the grand sweep of history. The Global Condition is a classic work for understanding the grand sweep of world history in brief compass. Now with a new foreword by J.R. McNeill, this book brings together two of William Hardy McNeill's popular short books and an essay. The Human Condition provides a provocative interpretation of history as a competition of parasites, both biological and human; The Great Frontier questions the notion of "frontier freedom" through an examination of European expansion; the concluding essay speculates on the role of catastrophe in our lives.
|
| 546 |
|
|
|a In English.
|
| 588 |
|
|
|a Description based on print version record.
|
| 650 |
|
7 |
|a Civilisation
|x Histoire
|x Histoire.
|2 ram
|
| 650 |
|
7 |
|a Histoire sociale.
|2 ram
|
| 650 |
|
7 |
|a Vie des pionniers.
|2 ram
|
| 650 |
|
7 |
|a Émigration et immigration
|x Histoire.
|2 ram
|
| 650 |
1 |
7 |
|a Mensheid.
|2 gtt
|
| 650 |
1 |
7 |
|a Expansie (macht)
|2 gtt
|
| 650 |
1 |
7 |
|a Grensgebieden.
|2 gtt
|
| 650 |
1 |
7 |
|a Migratie (demografie)
|2 gtt
|
| 650 |
1 |
7 |
|a Ecologische aspecten.
|2 gtt
|
| 650 |
|
7 |
|a Social history.
|2 fast
|0 (OCoLC)fst01122498
|
| 650 |
|
7 |
|a Frontier and pioneer life.
|2 fast
|0 (OCoLC)fst00935370
|
| 650 |
|
7 |
|a Emigration and immigration.
|2 fast
|0 (OCoLC)fst00908690
|
| 650 |
|
7 |
|a Civilization.
|2 fast
|0 (OCoLC)fst00862898
|
| 650 |
|
7 |
|a HISTORY / Europe / General.
|2 bisacsh
|
| 650 |
|
7 |
|a social history.
|2 aat
|
| 650 |
|
6 |
|a Parasites.
|
| 650 |
|
6 |
|a Immigrants.
|
| 650 |
|
6 |
|a Émigration et immigration
|x Histoire.
|
| 650 |
|
6 |
|a Histoire sociale.
|
| 650 |
|
6 |
|a Civilisation
|x Histoire.
|
| 650 |
|
2 |
|a Social Conditions
|
| 650 |
2 |
2 |
|a Parasites
|
| 650 |
2 |
2 |
|a Emigrants and Immigrants
|
| 650 |
1 |
2 |
|a Civilization
|x history
|
| 650 |
|
0 |
|a Parasites.
|
| 650 |
|
0 |
|a Immigrants.
|
| 650 |
|
0 |
|a Emigration and immigration
|x History.
|
| 650 |
|
0 |
|a Frontier and pioneer life.
|
| 650 |
|
0 |
|a Social history.
|
| 650 |
|
0 |
|a Civilization
|x History.
|
| 655 |
|
7 |
|a History.
|2 fast
|0 (OCoLC)fst01411628
|
| 655 |
|
7 |
|a Electronic books.
|2 local
|
| 710 |
2 |
|
|a Project Muse.
|e distributor
|
| 830 |
|
0 |
|a Book collections on Project MUSE.
|
| 856 |
4 |
0 |
|z Texto completo
|u https://projectmuse.uam.elogim.com/book/56261/
|
| 945 |
|
|
|a Project MUSE - Custom Collection
|
| 945 |
|
|
|a Project MUSE - 2017 Complete
|
| 945 |
|
|
|a Project MUSE - 2017 History
|